000
00241nam a22001097a 4500
999
_c
260980
_d
260979
020
_a
9780545391085
100
_a
Nick Bruel
245
_a
Bad Kitty meets The Baby
260
_a
New York
_b
Scholastic
_c
2011
300
_a
143 pgs
942
_c
BK